Sports Quiz

Random Sports or Soccer Quiz

Real Madrid Roster 2018-19 Quiz Stats

 Plays Quiz not verified by Sporcle

Challenge
Share
Tweet
Embed
Score 0/23 Timer 10:00
0 Plays Today
Number Player % Correct
10Luka Modric
97.8%
4Sergio Ramos
97.4%
1Keylor Navas
96.6%
8Toni Kroos
96.6%
9Karim Benzema
96.3%
11Gareth Bale
95.1%
2Dani Carvajal
90.7%
23Mateo Kovacic
88.2%
6Nacho
88.1%
14Casemiro
85.1%
12Marcelo
80.6%
22Isco
79.5%
Number Player % Correct
5Raphael Varane
78.7%
20Marco Asensio
78.4%
3Jesus Vallejo
76.5%
13Kiko Casilla
76.5%
15Theo Hernandez
71.3%
18Marcos Llorente
68.7%
17Lucas Vazquez
68.3%
21Borja Mayoral
68.3%
19Alvaro Odriozola
52.9%
24Dani Ceballos
48.9%
30Luca Zidane
39.4%

You're not logged in!

Compare scores with friends on all Sporcle quizzes.
OR
Log In

You Might Also Like...

Show Comments

Extras

Top Quizzes Today


Score Distribution

Your Account Isn't Verified!

In order to create a playlist on Sporcle, you need to verify the email address you used during registration. Go to your Sporcle Settings to finish the process.

Report this User

Report this user for behavior that violates our Community Guidelines.

Details: